| 000 -LEADER |
| fixed length control field |
03729nam a22004937a 4500 |
| 001 - CONTROL NUMBER |
| control field |
986827885 |
| 003 - CONTROL NUMBER IDENTIFIER |
| control field |
OCoLC |
| 005 - DATE AND TIME OF LATEST TRANSACTION |
| control field |
20210419122821.0 |
| 008 - FIXED-LENGTH DATA ELEMENTS--GENERAL INFORMATION |
| fixed length control field |
170109s2017 nyuac b 001 0 eng |
| 010 ## - LIBRARY OF CONGRESS CONTROL NUMBER |
| LC control number |
2016943661 |
| 016 7# - NATIONAL BIBLIOGRAPHIC AGENCY CONTROL NUMBER |
| Record control number |
101703862 |
| Source |
DNLM |
| 020 ## - INTERNATIONAL STANDARD BOOK NUMBER |
| International Standard Book Number |
9781464126116 |
| Qualifying information |
North American edition |
| 020 ## - INTERNATIONAL STANDARD BOOK NUMBER |
| International Standard Book Number |
1464126119 |
| Qualifying information |
North American edition |
| 020 ## - INTERNATIONAL STANDARD BOOK NUMBER |
| International Standard Book Number |
9781319108243 |
| Qualifying information |
International edition |
| 020 ## - INTERNATIONAL STANDARD BOOK NUMBER |
| International Standard Book Number |
1319108245 |
| Qualifying information |
International edition |
| 020 ## - INTERNATIONAL STANDARD BOOK NUMBER |
| International Standard Book Number |
1464187975 |
| 020 ## - INTERNATIONAL STANDARD BOOK NUMBER |
| International Standard Book Number |
9781464187971 |
| 035 ## - SYSTEM CONTROL NUMBER |
| System control number |
(OCoLC)986827885 |
| Canceled/invalid control number |
(OCoLC)958780404 |
| -- |
(OCoLC)958780405 |
| -- |
(OCoLC)958782555 |
| -- |
(OCoLC)987324600 |
| 040 ## - CATALOGING SOURCE |
| Original cataloging agency |
NLM |
| Language of cataloging |
eng |
| Description conventions |
rda |
| Transcribing agency |
NLM |
| Modifying agency |
OCLCO |
| -- |
YDX |
| -- |
BDX |
| -- |
MHY |
| -- |
VAM |
| -- |
UPM |
| -- |
OCLCF |
| -- |
PAU |
| -- |
STF |
| -- |
WURST |
| -- |
CRU |
| -- |
UWO |
| -- |
COO |
| -- |
LIP |
| -- |
IAK |
| -- |
OBE |
| -- |
NLGGC |
| -- |
VET |
| -- |
NLM |
| -- |
OCLCO |
| -- |
OCLCA |
| -- |
VT2 |
| -- |
OCLCO |
| 041 ## - LANGUAGE CODE |
| Language code of text/sound track or separate title |
eng |
| 042 ## - AUTHENTICATION CODE |
| Authentication code |
pcc |
| 049 ## - LOCAL HOLDINGS (OCLC) |
| Holding library |
YYEA |
| 080 ## - UNIVERSAL DECIMAL CLASSIFICATION NUMBER |
| Universal Decimal Classification number |
577.1 |
| Item number |
N-37 |
| 096 ## - LOCALLY ASSIGNED NLM-TYPE CALL NUMBER (OCLC) |
| Classification number |
QU 4 L523p 2017 |
| 100 1# - MAIN ENTRY--PERSONAL NAME |
| Personal name |
Nelson, David L. |
| Fuller form of name |
(David Lee), |
| Dates associated with a name |
1942- |
| 245 10 - TITLE STATEMENT |
| Title |
Lehninger principles of biochemistry / |
| Statement of responsibility, etc. |
David L. Nelson, Michael M. Cox. |
| 246 30 - VARYING FORM OF TITLE |
| Title proper/short title |
Principles of biochemistry. |
| 250 ## - EDITION STATEMENT |
| Edition statement |
7th ed. |
| 260 ## - PUBLICATION, DISTRIBUTION, ETC. |
| Place of publication, distribution, etc. |
New York, NY : |
| Name of publisher, distributor, etc. |
W.H. Freeman and Company ; |
| Place of publication, distribution, etc. |
Houndmills, Basingstoke : |
| Name of publisher, distributor, etc. |
Macmillan Higher Education, |
| Date of publication, distribution, etc. |
[2017] |
| 300 ## - PHYSICAL DESCRIPTION |
| Extent |
xxxiv, 1172, AS34, G20, I45 pages : |
| Other physical details |
illustrations (chiefly color), portraits (chiefly color) ; |
| Dimensions |
29 cm. |
| 500 ## - GENERAL NOTE |
| General note |
Previous edition 2013. |
| 504 ## - BIBLIOGRAPHY, ETC. NOTE |
| Bibliography, etc. note |
Includes bibliographical references and index. |
| 505 0# - FORMATTED CONTENTS NOTE |
| Formatted contents note |
The foundations of biochemistry -- I. Structure and catalysis. Water -- Amino acids, peptides, and proteins -- The three-dimensional structure of proteins -- Protein function -- Enzymes -- Carbohydrates and glycobiology -- Nucleotides and nucleic acids -- DNA-based information technologies -- Lipids -- Biological membranes and transport -- Biosignaling -- II. Bioenergetics and metabolism. Bioenergetics and biochemical reaction types -- Glycolysis, gluconeogenesis, and the pentose phosphate pathway -- Principles of metabolic regulation -- The citric acid cycle -- Fatty acid catabolism -- Amino acid oxidation and the production of urea -- Oxidative phosphorylation -- Photosynthesis and carbohydrate synthesis in plants -- Lipid biosynthesis -- Biosynthesis of amino acids, nucleotides, and related molecules -- Hormonal regulation and integration of mammalian metabolism -- III. Information pathways. Genes and chromosomes -- DNA metabolism -- RNA metabolism -- Protein metabolism -- Regulation of gene expression -- Abbreviated solutions to problems -- Glossary -- Index. |
| 520 ## - SUMMARY, ETC. |
| Summary, etc. |
"Lehninger Principles of Biochemistry ... brings clarity and coherence to an often unwieldy discipline, offering a thoroughly updated survey of biochemistry's enduring principles, definitive discoveries, and groundbreaking new advances with each edition.This new Seventh Edition maintains the qualities that have distinguished the text since Albert Lehninger's original edition--clear writing, careful explanations of difficult concepts, helpful problem-solving support, and insightful communication of contemporary biochemistry's core ideas, new techniques, and pivotal discoveries. Again, David Nelson and Michael Cox introduce students to an extraordinary amount of exciting new findings without an overwhelming amount of extra discussion or detail."--Publisher description. |
| 590 ## - LOCAL NOTE (RLIN) |
| Local note |
c.1 10071775 Ritt 4/9/18 $267.99. |
| 650 12 - SUBJECT ADDED ENTRY--TOPICAL TERM |
| Topical term or geographic name entry element |
Biochemical Phenomena |
| Form subdivision |
Problems and Exercises. |
| 650 22 - SUBJECT ADDED ENTRY--TOPICAL TERM |
| Topical term or geographic name entry element |
Biochemistry. |
| 650 22 - SUBJECT ADDED ENTRY--TOPICAL TERM |
| Topical term or geographic name entry element |
Energy Metabolism. |
| 653 ## - INDEX TERM--UNCONTROLLED |
| Uncontrolled term |
ბიოქიმია |
| 653 ## - INDEX TERM--UNCONTROLLED |
| Uncontrolled term |
მეტაბოლიზმი |
| 700 1# - ADDED ENTRY--PERSONAL NAME |
| Personal name |
Cox, Michael M. |
| 700 1# - ADDED ENTRY--PERSONAL NAME |
| Personal name |
Lehninger, Albert L. |
| Title of a work |
Principles of biochemistry. |
| 942 ## - ADDED ENTRY ELEMENTS (KOHA) |
| Source of classification or shelving scheme |
|
| Koha item type |
Books |
| Edition |
7 |